01967nam a2200169 45000010006000000050017000060100018000230900010000410990006000511000041000572000059000982140020001573230015001773301431001927000107016239950067017301407220260417114007.0 a9782807104587 a14072 o0 a20260417d u||y0frey50 ba aSur le Qui vive (3 textes à lire et à jouer)bLIVR cLansman editeur aindéfini a Laurent Contamin / Lise Martin - Gardiens des arbres - Ils sont une quinzaine à se retrouver au skatepark durant les longues journées d'été. Mais voilà que la petite ville (où à vrai dire ils s'ennuient) se retrouve encerclée par des nuages de fumée : la forêt s'embrase. Que faire pour arrêter ces feux ? Que faire pour combattre les catastrophes annoncées et craintes ? Que faudrait-il inventer pour que les adultes réagissent enfin ? Dominique Paquet / Luc Tartar - Les enfants lune - Dans un établissement scolaire, les classes de 6ᵉ (en particulier la 6ᵉ2) sont en ébullition. Le collège doit accueillir des élèves venant de l'Est afin de les scolariser. La révolte gronde. Qui sont ces jeunes migrants qui envahissent l'école ? Faut-il les accepter ? Ne vont-ils pas perturber l'harmonie de la classe ? Entre solidarité et rejets, les élèves décident de réunir la République de classe. Bruno Allain / Natacha de Pontcharra - Caho Girl - Face à la léthargie de ses camarades plongés dans leurs portables, Sacha la rebelle tente de les faire bouger. En vain. Déçue, elle les abandonne un soir pour rejoindre leur ancien terrain de jeu. Par bravade, elle se prend à monter une vache façon rodéo, mais elle finit par chuter et se retrouve dans le coma. Ce choc va-t-il ébranler ses camarades et les inciter à prendre enfin leur vie en main ? a Laurent Contamin / Lise Martin / Dominique Paquet / Luc Tartar / Bruno Allain / Natacha de Pontcharra 2052026-04-17913963cJOLfJOL-007772kTH COLL Xo0bJOLrLIVR